01186nam a2200289 a 450000500170000000800410001702000150005804100080007324500480008125000110012926000350014030000160017550000890019165300560028065300460033665300430038265300180042565300810044365301160052465300380064065300450067865300660072370000250078970000270081470000220084170000330086320240507121510.0141203t1993||||ag a f |||| 001 0 spa d a9509124133 aspa aLíquido amniótico / cNelson J. Argeri a1a ed. aBuenos Aires: bAscune;c1993. a320 p.bIl. aArgeri, N. J. et al. (1993). Líquido amniótico. (1a ed.). Buenos Aires : Ascune. aIntroducción al estudio del líquido amniótico aEmbriogénesis y morfología del amnios aFisiología del líquido amniótico aAmniocentesis aAnálisis del líquido amniótico en el diagnóstico de la madurez fetal aEvaluación de la madurez pulmonar fetal a través del examen de los fosfolípidos del líquido amniótico aEnfermedad hemolítica perinatal aLaboratorio en el análisis amniótico aDiagnóstico prenatal de la anomalías genéticas del feto1 aArgeri, Nelson Jorge1 aUranga Imaz, Francisco1 aMargulies, Miguel1 aDarbón Grosso, Héctor A.